| Record ID | marc_loc_2016/BooksAll.2016.part34.utf8:104747472:1663 |
| Source | Library of Congress |
| Download Link | /show-records/marc_loc_2016/BooksAll.2016.part34.utf8:104747472:1663?format=raw |
LEADER: 01663cam a2200313 a 4500
001 2007003775
003 DLC
005 20100623083911.0
008 070126s2007 mauab b 001 0 eng
010 $a 2007003775
020 $a1405127899 (hardcover : alk. paper)
020 $a9781405127899 (hardcover : alk. paper)
035 $a(OCoLC)ocm80461325
040 $aDLC$cDLC$dBAKER$dBTCTA$dBWKUK$dYDXCP$dNLGGC$dDLC
043 $ae-sp---
050 00 $aDP99$b.R85 2007
082 00 $a946/.02$222
084 $a15.70$2bcl
100 1 $aRuiz, Teofilo F.,$d1943-
245 10 $aSpain's centuries of crisis :$b1300-1474 /$cTeofilo F. Ruiz.
260 $aMalden, MA ;$aOxford :$bBlackwell Pub.,$c2007.
300 $ax, 236 p. :$bill., maps ;$c24 cm.
440 2 $aHistory of Spain
504 $aIncludes bibliographical references (p. [217]-227) and index.
505 0 $aAt the dawn of a new century: the Spains around 1300 -- Medieval Spain in the late Middle Ages: society and economy -- The answers of politics: Spain, 1300-1350 -- Towards Trastámara Spain, 1350-1412 -- Spain in the fifteenth century: towards the rule of the Catholic monarchs, 1412-1469 -- The sinews of power: administration, politics, and display -- Muslims, Jews, and Christians in a century of crisis -- Culture and society in an age of crisis.
651 0 $aSpain$xHistory$y711-1516.
856 41 $3Table of contents only$uhttp://www.loc.gov/catdir/toc/ecip079/2007003775.html
856 42 $3Contributor biographical information$uhttp://www.loc.gov/catdir/enhancements/fy0802/2007003775-b.html
856 42 $3Publisher description$uhttp://www.loc.gov/catdir/enhancements/fy0802/2007003775-d.html